000 00556nas a2200217 4500
001 BR8703630
003 BR-BrBNA
005 20231205090702.0
007 ta
008 230509b bl.|||p| |||| 00| 00por d
040 _aBR-BrBNA
_bpor
_cBiblioteca Nacional de Agricultura
041 _a(Pt)
072 _aL73
100 1 _aSantiago, M.C.
245 1 _aMamite bovina
650 _aBOVINO
650 _aMAMITE
773 0 _tIESACAO (Brazil)
_x
_g(Jul 1980), (no. 2) p. 3
_wBR8703630
909 _a202311
_bLúcia
_c55
_dLúcia Elande
942 _2AGRIS
_n0
_cANA
999 _c120248
_d120248